[Event "Challenge"]
[Site "http://www.queenalice.com/game.php?id=80632"]
[Date "2006.6.27"]
[Round "-"]
[White "metroid"]
[Black "paranaclube"]
[Result "0-1"]
[WhiteElo "1319"]
[BlackElo "1200"]

1. e4 e6 2. Nf3 Nf6 3. Ng5 h6 4. Nf3 Nxe4 5. Ne5 Qh4 6. g3 Qh5 7. Qxh5 g6 8. Qf3
f5 9. Qd1 b6 10. Nxg6 Rg8 11. Ne5 Bc5 12. Nd3 Bb7 13. Bg2 Ba6 14. Bxe4 fxe4 15.
Nf4 Rf8 16. Qh5+ Ke7 17. Ng6+ Kf6 18. Qxh6 Nc6 19. Nxf8+ Ke5 20. Ng6+ Kd5 21.
Qg7 Kd6 22. b3 Bd4 23. c3 Bxg7 24. d4 Kd5 25. c4+ Kd6 26. Ba3+ Nb4 27. Bxb4+ Kc6
28. Ne7+ Kb7 29. Bc3 Re8 30. Ng6 Rg8 31. Nf4 Ka8 32. Nd2 Bb7 33. O-O a5 34. Rfe1
d5 35. cxd5 exd5 36. b4 Ba6 37. bxa5 bxa5 38. Ne6 c6 39. Rab1 Bb5 40. Bxa5 Kb7
41. f3 Ka6 42. Nb3 exf3 43. Nbc5+ Kxa5 44. Nc7 Bxd4+ 0-1

[Event "Brasil hexa"]
[Site "http://www.queenalice.com/game.php?id=81276"]
[Date "2006.6.30"]
[Round "-"]
[White "federal"]
[Black "paranaclube"]
[Result "1-0"]
[WhiteElo "1432"]
[BlackElo "1100"]

1. e3 e6 2. Nh3 Nh6 3. c3 Qf6 4. d4 Nc6 5. Nd2 g5 6. Ne4 Qe7 7. Nhxg5 d5 8. Qh5
dxe4 9. Nxe4 Bd7 10. Qb5 O-O-O 11. Nc5 b6 12. Qa6+ Kb8 13. Qb7# 1-0

[Event "Challenge"]
[Site "http://www.queenalice.com/game.php?id=81850"]
[Date "2006.7.2"]
[Round "-"]
[White "paranaclube"]
[Black "Boeing"]
[Result "0-1"]
[WhiteElo "1427"]
[BlackElo "1927"]

1. d3 e5 2. Nc3 c6 3. e4 Qf6 4. Nf3 h6 5. h4 Bc5 6. d4 exd4 7. Na4 Bb6 8. Nxb6
axb6 9. Nxd4 c5 10. Nf5 Ne7 11. g4 Nxf5 12. gxf5 Qc6 13. Bg2 O-O 14. Rg1 Qf6 15.
Qg4 Nc6 16. f4 d6 17. Bf3 g6 18. Bd2 Qxb2 19. Kf2 Ra3 20. fxg6 Bxg4 21. Bxg4
Qd4+ 22. Be3 Qxe3+ 23. Kg2 Qg3+ 24. Kf1 Qxf4+ 25. Ke1 Qxe4+ 26. Kf2 Qf4+ 27. Ke2
Re8+ 28. Kd1 Qd4+ 29. Kc1 Qxa1+ 30. Kd2 Qxg1 31. gxf7+ Kxf7 32. c3 Rxa2+ 33. Kd3
Qxg4 34. c4 Qd4# 0-1

[Event "Challenge"]
[Site "http://www.queenalice.com/game.php?id=81852"]
[Date "2006.7.2"]
[Round "-"]
[White "paranaclube"]
[Black "Filps"]
[Result "1-0"]
[WhiteElo "1353"]
[BlackElo "1640"]

1. e3 e5 2. Nf3 Nc6 3. Nc3 Nf6 4. e4 d5 5. Bb5 Bd7 6. d3 Bb4 7. Bd2 Nd4 8. Nxe5
Nxb5 9. Nxd7 Qxd7 10. a3 Bxc3 11. bxc3 dxe4 12. Qe2 O-O 13. f3 exf3 14. gxf3
Rfe8 15. Be3 Nxc3 16. Qd2 Ncd5 17. O-O Nxe3 18. Rfe1 Nc4 19. Qg2 Qd4+ 20. Kh1
Rxe1+ 21. Rxe1 Re8 22. Rg1 Ne3 23. Qxg7# 1-0

[Event "Challenge"]
[Site "http://www.queenalice.com/game.php?id=83115"]
[Date "2006.7.6"]
[Round "-"]
[White "paranaclube"]
[Black "federal"]
[Result "1-0"]
[WhiteElo "1427"]
[BlackElo "1492"]

1. e4 e5 2. Nf3 d6 3. d4 exd4 4. Nxd4 c5 5. Nb5 a6 6. N5c3 Qf6 7. Nd5 Qd8 8.
Nbc3 b5 9. a3 Nd7 10. Bd3 Bb7 11. Bf4 Ndf6 12. Qf3 c4 13. Nxf6+ Qxf6 14. Be2 Rd8
15. Rd1 Be7 16. Nd5 Qxb2 17. Nxe7 Nxe7 18. Rxd6 O-O 19. Bd1 Nc8 20. Rxd8 Rxd8
21. O-O Qd4 22. Re1 f5 23. Qg3 Kf7 24. Be5 Qd2 25. Bc3 Qc1 26. Bh5+ g6 27. Rxc1
gxh5 28. Qg7+ Ke8 29. Qxb7 fxe4 30. Qxe4+ Ne7 31. Bf6 Rd7 32. Qxh7 Nd5 33. Re1+
Re7 34. Rxe7+ Nxe7 35. Qxe7# 1-0

[Event "Challenge"]
[Site "http://www.queenalice.com/game.php?id=83116"]
[Date "2006.7.6"]
[Round "-"]
[White "Pawngal"]
[Black "paranaclube"]
[Result "0-1"]
[WhiteElo "1323"]
[BlackElo "1453"]

1. e4 e5 2. Nf3 Nc6 3. Nc3 Nf6 4. Bb5 d5 5. d3 Bd6 6. Nxd5 Nxd5 7. exd5 a6 8.
Bxc6+ bxc6 9. dxc6 O-O 10. O-O Bg4 11. h3 Bh5 12. Be3 f5 13. c3 Rb8 14. b3 e4
15. dxe4 fxe4 16. Bg5 Qe8 17. Re1 Qg6 18. Nh4 Qxg5 19. f3 Qxh4 20. Rxe4 Qg3 21.
Qd5+ Bf7 22. Qd4 Qh2+ 23. Kf2 Bg3+ 24. Ke3 Qxg2 25. f4 Bf2+ 26. Kd3 Bxd4 27.
cxd4 Qf3+ 28. Re3 Qxf4 29. Re4 Bg6 30. Re1 Rbe8 31. Kc4 Bxe4 32. Rf1 Qxf1+ 33.
Kb4 Bxc6 0-1

[Event "Challenge"]
[Site "http://www.queenalice.com/game.php?id=83919"]
[Date "2006.7.8"]
[Round "-"]
[White "AAmorim"]
[Black "paranaclube"]
[Result "1-0"]
[WhiteElo "1429"]
[BlackElo "1410"]

1. d4 e6 2. c4 Qf6 3. Nf3 Nc6 4. Bg5 Qf5 5. e3 Nf6 6. Bd3 Ne4 7. Nbd2 f6 8. Bxe4
Qa5 9. Bf4 Bd6 10. Bxd6 cxd6 11. Bxc6 bxc6 12. O-O Qb6 13. b3 h5 14. Ne4 Ke7 15.
Nh4 Rh6 16. Ng3 Qa5 17. Qe1 Qg5 18. Nf3 Qg6 19. Rd1 Qc2 20. Qd2 Qxd2 21. Rxd2 g5
22. Ne2 Rb8 23. Rb1 Rb6 24. Nc3 a6 25. Na4 Rb4 26. d5 exd5 27. cxd5 c5 28. Nc3
h4 29. h3 Bb7 30. a3 Rb5 31. Nxb5 axb5 32. b4 c4 33. Nd4 Rh7 34. Nxb5 Ba6 35. a4
Rh8 36. Rc2 Rc8 37. Rbc1 f5 38. Rxc4 Kf6 39. Nxd6 Rb8 40. Rc7 Ke7 41. Nxf5+ Kd8
42. f4 Rxb4 43. fxg5 Rc4 44. R7xc4 Bxc4 45. Rxc4 1-0

[Event "Challenge"]
[Site "http://www.queenalice.com/game.php?id=83993"]
[Date "2006.7.8"]
[Round "-"]
[White "Filps"]
[Black "paranaclube"]
[Result "1-0"]
[WhiteElo "1602"]
[BlackElo "1422"]

1. e4 e5 2. Nf3 Nc6 3. Bc4 Nf6 4. d4 d5 5. exd5 Nxd5 6. dxe5 Be6 7. Ng5 Nxe5 8.
Nxe6 fxe6 9. Qh5+ Ng6 10. O-O Bd6 11. Re1 O-O 12. Rxe6 c6 13. Nc3 Qh4 14. Qxh4
Nxh4 15. Rxd6 Rf5 16. Nxd5 Re5 17. Nc7+ Kf8 18. Nxa8 Re1+ 19. Bf1 Nf5 20. Rd8+
Ke7 21. Bg5+ Kf7 22. Rxe1 Kg6 23. h4 Nxh4 24. Bxh4 h6 25. Bd3+ Kh5 26. g3 g5 27.
Re5 Kg4 28. Be2+ Kh3 29. Bxg5 hxg5 30. Rh8# 1-0

[Event "Challenge"]
[Site "http://www.queenalice.com/game.php?id=88082"]
[Date "2006.7.21"]
[Round "-"]
[White "paranaclube"]
[Black "Boeing"]
[Result "0-1"]
[WhiteElo "1467"]
[BlackElo "1932"]

1. e4 e5 2. Nf3 d6 3. d4 exd4 4. Qxd4 Nc6 5. Qc3 d5 6. Bd3 Bb4 7. Bd2 Bxc3 8.
Bxc3 Nf6 9. exd5 Nxd5 10. Ne5 Nxe5 11. Bxe5 Qe7 12. Bb5+ c6 13. O-O cxb5 14.
Bxg7 Rg8 15. Bd4 Nf4 16. Nc3 Qg5 17. Rfe1+ Be6 18. g3 Kf8 19. Ne4 Qg4 20. Kf1
Qh3+ 21. Kg1 Qg2# 0-1

[Event "Challenge"]
[Site "http://www.queenalice.com/game.php?id=88212"]
[Date "2006.7.21"]
[Round "-"]
[White "paranaclube"]
[Black "pbeesley"]
[Result "0-1"]
[WhiteElo "1467"]
[BlackElo "1416"]

1. e4 e5 2. Nf3 b6 3. Nxe5 Qe7 4. Qf3 Qxe5 5. Nc3 Nf6 6. Bd3 Nc6 7. b3 Nd4 8.
Qe3 Ng4 9. f4 Qd6 10. Nd5 Nxe3 11. dxe3 Ne6 12. Bb2 Nc5 13. h4 Nxd3+ 14. cxd3 c6
15. Be5 Qg6 16. Kf1 cxd5 17. h5 Qh6 18. Rc1 Qxh5 19. Rxh5 d6 20. exd5 dxe5 21.
Rxe5+ Kd8 22. Rc6 Bd7 23. Rd6 Bxd6 24. d4 f6 0-1

[Event "Challenge"]
[Site "http://www.queenalice.com/game.php?id=88479"]
[Date "2006.7.22"]
[Round "-"]
[White "t"]
[Black "paranaclube"]
[Result "1-0"]
[WhiteElo "1598"]
[BlackElo "1445"]

1. d4 e6 2. c4 Qf6 3. Nf3 Nc6 4. Bg5 Qf5 5. e3 Nf6 6. Bd3 Ne4 7. Bxe4 Qxe4 8.
Nc3 Qg4 9. O-O f6 10. Bf4 e5 11. dxe5 Nxe5 12. Nxe5 Qxd1 13. Raxd1 fxe5 14. Bxe5
c6 15. Ne4 Be7 16. Nd6+ Kd8 17. Nf7+ Ke8 18. Nxh8 Kf8 19. Bd6 b6 20. f4 Ba6 21.
b3 g6 22. Nxg6+ hxg6 23. Bxe7+ Kxe7 24. f5 Rg8 25. f6+ Kf7 26. Rxd7+ Ke6 27.
Rxa7 Bc8 28. f7 Rf8 29. Ra8 Kd7 30. e4 Kc7 31. e5 Kb7 32. Rxc8 Kxc8 33. e6 Kd8
34. Rf6 g5 35. Rg6 Ke7 36. Rg8 g4 37. Rxf8 Kxf8 38. Kf2 Ke7 39. Kg3 Kf8 40. Kxg4
Ke7 41. Kg5 Kf8 42. Kf6 1-0

[Event "Challenge"]
[Site "http://www.queenalice.com/game.php?id=90322"]
[Date "2006.7.28"]
[Round "-"]
[White "paranaclube"]
[Black "pbeesley"]
[Result "1-0"]
[WhiteElo "1434"]
[BlackElo "1426"]

1. e4 e5 2. Bc4 c6 3. Qf3 d5 4. exd5 cxd5 5. Qxd5 Nh6 6. d3 Na6 7. Bxh6 Qxd5 8.
Bxd5 gxh6 9. a3 Nc7 10. Be4 f5 11. Bf3 Ne6 12. c3 Ng5 13. Nd2 Nxf3+ 14. gxf3 a5
15. Nc4 Ra6 16. Nxe5 Re6 17. f4 b5 18. Ne2 Bb7 19. Rg1 b4 20. a4 bxc3 21. bxc3
Ba6 22. d4 h5 23. Rg5 Be7 24. Rxf5 Rf6 25. Rxh5 Bxe2 26. Kxe2 Rxf4 27. Ke3 Rhf8
28. f3 R8f5 29. Rxh7 Rh4 30. Rg7 Bf8 31. Rg8 Rf6 32. Rb1 Rd6 33. Rb8+ Ke7 34.
Rgxf8 Rxh2 35. c4 Rh1 36. Nd3 Re6+ 37. Kf4 Rf6+ 38. Rxf6 Kxf6 39. Rf8+ Ke7 40.
Rf5 Rd1 41. Ke4 Rh1 42. c5 Rh4+ 43. Nf4 Rh1 44. c6 Rc1 45. d5 Kd6 46. Ne2 Ra1
47. Nc3 Re1+ 48. Kd4 Rb1 49. Rf7 Rb4+ 50. Kd3 Kc5 51. c7 Rd4+ 52. Ke3 Rb4 53.
c8=Q+ Kd6 54. Qd7+ Kc5 55. Qa7+ Kc4 56. Rc7+ Kb3 57. Qxa5 Ka3 58. Qc5 Kb3 59.
Nb5 Kxa4 60. Ra7+ Kb3 61. Qc3# 1-0

[Event "AUTO-OPEN-344"]
[Site "http://www.queenalice.com/game.php?id=91648"]
[Date "2006.8.1"]
[Round "1"]
[White "Ernani"]
[Black "paranaclube"]
[Result "1-0"]
[WhiteElo "1746"]
[BlackElo "1444"]

1. Nf3 e6 2. c4 Nf6 3. Nc3 Nc6 4. g3 d5 5. cxd5 exd5 6. d4 Ne4 7. Bg2 b5 8. Nxb5
Bd6 9. O-O Ba6 10. Qa4 Rb8 11. Nxd6+ cxd6 12. Qxa6 Rb6 13. Qd3 h6 14. Nd2 Qf6
15. Nxe4 dxe4 16. Qxe4+ Ne7 17. Qa8+ Nc8 18. Qxc8+ Qd8 19. Qxd8+ Kxd8 20. h4 Re8
21. Re1 Rb4 22. e3 Kd7 23. a3 Rc4 24. Bd5 f6 25. Bxc4 1-0

[Event "AUTO-OPEN-344"]
[Site "http://www.queenalice.com/game.php?id=91649"]
[Date "2006.8.1"]
[Round "1"]
[White "paranaclube"]
[Black "Ernani"]
[Result "0-1"]
[WhiteElo "1449"]
[BlackElo "1742"]

1. e4 e5 2. Bc4 Nc6 3. Qf3 Qf6 4. Qxf6 Nxf6 5. Nf3 Nxe4 6. Nc3 Nxc3 7. bxc3 Bc5
8. d3 O-O 9. g4 d6 10. h4 Bxg4 11. Bd5 Bxf3 12. Be3 Bxe3 13. fxe3 Kh8 14. Bxf3
f5 15. Rb1 Ne7 16. Rxb7 Rab8 17. Kd2 Rxb7 18. Bxb7 c6 19. Ba6 f4 20. e4 h6 21.
c4 c5 22. Rb1 g5 23. Rh1 g4 24. h5 Nc6 25. Rc1 Nd4 26. Rb1 f3 27. Rg1 Rg8 28.
Bb7 g3 29. Bd5 Rg7 0-1

[Event "AUTO-OPEN-344"]
[Site "http://www.queenalice.com/game.php?id=91668"]
[Date "2006.8.1"]
[Round "1"]
[White "jmbpeixe"]
[Black "paranaclube"]
[Result "1-0"]
[WhiteElo "1872"]
[BlackElo "1396"]

1. d4 e6 2. e4 Nf6 3. e5 Nd5 4. c4 Nb4 5. a3 N4c6 6. Nf3 d5 7. Nc3 dxc4 8. Bxc4
h6 9. O-O g5 10. Be3 a6 11. Nd2 Nxd4 12. Nde4 c5 13. b4 b6 14. Nf6+ Ke7 15. Bd5
exd5 16. Ncxd5+ Ke6 17. Bxd4 cxd4 18. Qg4+ Kxe5 19. Qg3+ Ke6 20. Rfe1+ 1-0

[Event "AUTO-OPEN-344"]
[Site "http://www.queenalice.com/game.php?id=91669"]
[Date "2006.8.1"]
[Round "1"]
[White "paranaclube"]
[Black "jmbpeixe"]
[Result "0-1"]
[WhiteElo "1451"]
[BlackElo "1794"]

1. e4 c5 2. Nf3 d6 3. Bc4 Nf6 4. Nc3 Nc6 5. b3 e6 6. d3 a6 7. d4 cxd4 8. Nxd4
Be7 9. f3 d5 10. exd5 exd5 11. Be2 O-O 12. Nxc6 bxc6 13. g4 Bb4 14. Bd2 Nxg4 15.
fxg4 Qh4+ 16. Kf1 Qh3+ 17. Kg1 Bc5+ 18. Be3 Bxe3# 0-1

[Event "Challenge"]
[Site "http://www.queenalice.com/game.php?id=92417"]
[Date "2006.8.3"]
[Round "-"]
[White "delinquente"]
[Black "paranaclube"]
[Result "1-0"]
[WhiteElo "1385"]
[BlackElo "1426"]

1. e3 e5 2. Qf3 Nc6 3. Qh5 Nf6 4. Qf3 d5 5. e4 Bg4 6. Qb3 d4 7. Bc4 Na5 8. Bxf7+
Ke7 9. Qe6+ Bxe6 10. Nf3 Bxf7 11. Nxe5 Qd5 12. exd5 Bxd5 13. O-O Nc4 14. Nf3 h6
15. Nxd4 Kd7 16. Re1 Bc5 17. c3 Rae8 18. Kf1 Re7 19. b4 1-0